Jenseits religiöser Eindeutigkeit: Ambige Glaubensvorstellungen in historischen Überlieferungen des Alevitentums
Vorliegende Abhandlung diskutiert die Frage ambiger Glaubensvorstellungen anhand historischer Überlieferungen im Alevitentum. Die Studie setzt einen produktionsästhetischen Fokus und eruiert die Motive und insbesondere die Intentionalität besagter Ambiguitäten. Hierfür zieht die Studie mit den Texts...
| Main Author: | |
|---|---|
| Format: | Electronic Article |
| Language: | German |
| Check availability: | HBZ Gateway |
| Interlibrary Loan: | Interlibrary Loan for the Fachinformationsdienste (Specialized Information Services in Germany) |
| Published: |
2022
|
| In: |
Zeitschrift für Religionswissenschaft
Year: 2022, Volume: 30, Issue: 2, Pages: 279-299 |
| Standardized Subjects / Keyword chains: | B
ʿAlī, Caliphs 600-661
/ Imagery
/ Ambiguity
/ Alawites
/ Buyruks
/ Ismail I Iran, Shah 1487-1524
/ Poetry (motif)
/ Intentionality
|
| RelBib Classification: | AD Sociology of religion; religious policy AG Religious life; material religion BJ Islam TJ Modern history |
| Further subjects: | B
Alevism
B Buyruks B Shah Ismail B Alevitentum B Schah Ismail B Imam Ali B Sufism B Ambiguity |
| Online Access: |
Volltext (kostenfrei) Volltext (kostenfrei) |
MARC
| LEADER | 00000caa a22000002c 4500 | ||
|---|---|---|---|
| 001 | 1832695573 | ||
| 003 | DE-627 | ||
| 005 | 20250530004149.0 | ||
| 007 | cr uuu---uuuuu | ||
| 008 | 230130s2022 xx |||||o 00| ||ger c | ||
| 024 | 7 | |a 10.1515/zfr-2022-0015 |2 doi | |
| 035 | |a (DE-627)1832695573 | ||
| 035 | |a (DE-599)KXP1832695573 | ||
| 040 | |a DE-627 |b ger |c DE-627 |e rda | ||
| 041 | |a ger | ||
| 084 | |a 0 |a 1 |2 ssgn | ||
| 100 | 1 | |e VerfasserIn |0 (DE-588)1173276637 |0 (DE-627)1042429561 |0 (DE-576)515127353 |4 aut |a Kara, Cem | |
| 109 | |a Kara, Cem | ||
| 245 | 1 | 0 | |a Jenseits religiöser Eindeutigkeit |b Ambige Glaubensvorstellungen in historischen Überlieferungen des Alevitentums |
| 264 | 1 | |c 2022 | |
| 336 | |a Text |b txt |2 rdacontent | ||
| 337 | |a Computermedien |b c |2 rdamedia | ||
| 338 | |a Online-Ressource |b cr |2 rdacarrier | ||
| 520 | |a Vorliegende Abhandlung diskutiert die Frage ambiger Glaubensvorstellungen anhand historischer Überlieferungen im Alevitentum. Die Studie setzt einen produktionsästhetischen Fokus und eruiert die Motive und insbesondere die Intentionalität besagter Ambiguitäten. Hierfür zieht die Studie mit den Textsammlungen der sogenannten Buyruk -Tradition und der Poesie des safavidischen Schahs Ismail I. (1487-1524) zwei für Alevit:innen in Geschichte wie Gegenwart als konstitutiv geltende Quellen heran. Als thematisches Fallbeispiel werden Ideen zur zentralen alevitischen Heiligenfigur Imam Ali (600-661) besprochen. In beiden Quellenarten zeichnen sich mindestens drei deutlich voneinander unterscheidbare Ali-Vorstellungen ab, die in einem Spannungsverhältnis zueinander stehen. Neben der Auffächerung der einzelnen Ebenen der Ali-Vorstellung führt die Studie verschiedene Deutungsansätze an, die diese ambigen Glaubensvorstellungen erklären könnten. Dabei steht die Frage der Intentionalität der Ambiguitäten im Fokus - ob und welche Intentionen die Autoren mit der Integration mehrdeutiger Ideen verfolgt haben können. Neben vielen Ansätzen wird die Idee, dass die Autoren mit verschiedenen Konzepten unterschiedliche Adressat:innen ansprechen wollten, ausführlicher diskutiert. | ||
| 520 | |a This paper addresses the question of ambiguous ideas in historically transmitted texts of Alevi provenance. The study focuses on the production of ambiguities and attempts to explore the motives and, in particular, the intentionality of ambiguities. For this purpose, the study draws on writings of the so-called Buyruk tradition and the poetry of the Safavid Shah Ismail I (1487-1524) - two sources that are considered constitutive for Alevis historically and today. As a case study, the paper discusses ideas on the central Alevi saint Imam Ali (600-661). In both types of sources, at least three clearly distinguishable and even conflicting perceptions of Ali emerge. In addition to differentiating the individual levels of how Ali is perceived, the study offers various approaches to explain the ambiguous beliefs. The focus is on the question of the intentionality of ambiguities - whether and what intentions the authors might have in implementing them. Among various approaches, the idea that the authors intended to address different recipients with different concepts is discussed in more detail. | ||
| 601 | |a Eindeutigkeit | ||
| 650 | 4 | |a Alevism | |
| 650 | 4 | |a Alevitentum | |
| 650 | 4 | |a Ambiguity | |
| 650 | 4 | |a Ambiguität | |
| 650 | 4 | |a Buyruk | |
| 650 | 4 | |a Imam Ali | |
| 650 | 4 | |a Schah Ismail | |
| 650 | 4 | |a Shah Ismail | |
| 650 | 4 | |a Sufism | |
| 650 | 4 | |a Sufismus | |
| 652 | |a AD:AG:BJ:TJ | ||
| 689 | 0 | 0 | |d p |0 (DE-588)118846582 |0 (DE-627)079621988 |0 (DE-576)210174722 |2 gnd |a ʿAlī |c Kalif |d 600-661 |
| 689 | 0 | 1 | |d s |0 (DE-588)4064032-2 |0 (DE-627)106125559 |0 (DE-576)209151404 |2 gnd |a Vorstellung |
| 689 | 0 | 2 | |d s |0 (DE-588)4138525-1 |0 (DE-627)105642010 |0 (DE-576)209686782 |2 gnd |a Ambiguität |
| 689 | 0 | 3 | |d s |0 (DE-588)4232727-1 |0 (DE-627)104824654 |0 (DE-576)21036629X |2 gnd |a Aleviten |
| 689 | 0 | 4 | |d s |0 (DE-588)1315045133 |0 (DE-627)1877276928 |2 gnd |a Buyruk |
| 689 | 0 | 5 | |d p |0 (DE-588)118932497 |0 (DE-627)079710085 |0 (DE-576)172393469 |2 gnd |a Ismail |b I. |c Iran, Schah |d 1487-1524 |
| 689 | 0 | 6 | |d s |0 (DE-588)4036774-5 |0 (DE-627)104137789 |0 (DE-576)209020326 |2 gnd |a Lyrik |
| 689 | 0 | 7 | |d s |0 (DE-588)4027264-3 |0 (DE-627)104152303 |0 (DE-576)208970126 |2 gnd |a Intentionalität |
| 689 | 0 | |5 (DE-627) | |
| 773 | 0 | 8 | |i Enthalten in |t Zeitschrift für Religionswissenschaft |d Berlin : De Gruyter, 1993 |g 30(2022), 2, Seite 279-299 |h Online-Ressource |w (DE-627)331140446 |w (DE-600)2051569-8 |w (DE-576)37562211X |x 2194-508X |7 nnas |
| 773 | 1 | 8 | |g volume:30 |g year:2022 |g number:2 |g pages:279-299 |
| 856 | 4 | 0 | |u https://doi.org/10.1515/zfr-2022-0015 |x Resolving-System |z kostenfrei |3 Volltext |7 0 |
| 856 | 4 | 0 | |u https://www.degruyterbrill.com/document/doi/10.1515/zfr-2022-0015/html |x Verlag |z kostenfrei |3 Volltext |7 0 |
| 951 | |a AR | ||
| ELC | |a 1 | ||
| ITA | |a 1 |t 1 | ||
| LOK | |0 000 xxxxxcx a22 zn 4500 | ||
| LOK | |0 001 4255092702 | ||
| LOK | |0 003 DE-627 | ||
| LOK | |0 004 1832695573 | ||
| LOK | |0 005 20241126142711 | ||
| LOK | |0 008 230130||||||||||||||||ger||||||| | ||
| LOK | |0 040 |a DE-Tue135 |c DE-627 |d DE-Tue135 | ||
| LOK | |0 092 |o n | ||
| LOK | |0 852 |a DE-Tue135 | ||
| LOK | |0 852 1 |9 00 | ||
| LOK | |0 935 |a ixzs |a ixzo | ||
| LOK | |0 936ln |0 1442043539 |a BJ | ||
| LOK | |0 936ln |0 1442043229 |a AG | ||
| LOK | |0 936ln |0 1442043016 |a AD | ||
| LOK | |0 936ln |0 1442053909 |a TJ | ||
| LOK | |0 939 |a 30-01-23 |b l01 | ||
| OAS | |a 1 | ||
| ORI | |a SA-MARC-ixtheoa001.raw | ||
| REL | |a 1 | ||
| STA | 0 | 0 | |a Alawites,Alevites,Ambiguity,Buyruks,Imagery,Intentionality,Intentionalism,Poetry (motif),Poetry,Poem,Poetry,Lyric poetry,Sufism,Sufism,Sofism,Islam,Islamic mysticism,Mysticism |
| STB | 0 | 0 | |a Alévites,Ambigüité,Buyruk,Intentionnalité,Intentionnalité (psychologie),Poésie (motif),Poésie,Poésie lyrique,Représentation,Imagination,Imagination,Soufisme,Soufisme |
| STC | 0 | 0 | |a Aleviés,Ambigüedad,Imaginario,Intencionalidad,Lírica,Poesía lírica,Sufismo,Sufismo |
| STD | 0 | 0 | |a Aleviti,Ambiguità,Idea,Immaginario,Immaginazione,Immaginario,Immaginazione,Intenzionalità,Poesia,Lirica,Lirica,Sufismo,Sufismo |
| STE | 0 | 0 | |a 意向性,抒情诗,诗歌,歧义,无棱两可,苏菲主义,苏菲派,表象,心象,意象,阿拉维派,努赛里耶派 |
| STF | 0 | 0 | |a 意向性,抒情詩,詩歌,歧義,無稜兩可,蘇菲主義,蘇菲派,表象,心象,意象,阿拉維派,努賽里耶派 |
| STG | 0 | 0 | |a Alevitas,Ambiguidade,Imaginário,Intencionalidade,Lírica,Sufismo,Sufismo |
| STH | 0 | 0 | |a Алевиты,Интернациональность,Неоднозначность,Поэзия,Представление,Воображение,Суфизм (мотив),Суфизм |
| STI | 0 | 0 | |a Αλεβίτες,Ασάφεια,Αμφισημία,Ποίηση,Προθετικότητα,Σουφισμός (μοτίβο),Σουφισμός,Φαντασία (ψυχολογία) |
| SUB | |a REL | ||
| SYE | 0 | 0 | |a Mehrdeutigkeit,Zweideutigkeit,Uneindeutigkeit , Ṣūfismus,Islamische Mystik,Sufik,Taṣauwuf,Taṣawwuf,Sufitum,Tasavvuf,تصوف |
| SYG | 0 | 0 | |a ʿAlī Ibn-Abī-Ṭālib,600-661,Alī Ibn-Abī-Tālib,600-661,Alī Ibn-Alī-Tālib,600-661,Alī Ibn-Alī Tālib,600-661,Alī Ibn Alī Tālib,600-661,Imam Ali,600-661,Ali,Imperator,600-661,Ali ben Abi Taleb,600-661,Ibn-Abī-Ṭālib, ʿAlī,600-661,Ali İbn-i Ebitalib,600-661,Ali,600-661,Ali Ben Abi Talib,600-661,Abû Ṭâlib,600-661,Haly,Filius Abbas,600-661,Ali Ibn Abu Talib,600-661,'Ali ibn Abi Talib,Chaliph,600-661,Ali ibn Abi Talib,600-661,Alī Ibn-Abī-Ṭālib,Kalif,600-661,Ali Ibn-i Ebu Talib,600-661,'Alī b. Abī Ṭālib,600-661,Ali Ebn Abi Taleb,600-661,ʿAlī ibn Abī Ṭālib,Caliph,600-661,ʿAlī Ibn Abī Ṭālib,600-661,Ibn Abī Ṭālib, ʿAlī,600-661,Abū al-Ḥasan ʿAlī Ibn Abī Ṭālib,600-661 , Imagery , Mehrdeutigkeit,Zweideutigkeit,Uneindeutigkeit , Alewiten,Alevis,Alewis , Ḫaṭāʾī,1487-1524,Ḫaṭāyī,1487-1524,Hatâyî,1487-1524,Khaṭāʾī,1487-1524,Hatai,1487-1524,Xätai,1487-1524,Xatai,1487-1524,Ḫaṭāʾī, Ismāʿīl,1487-1524,Ḫaṭāyī, Ismāʿīl,1487-1524,Khătai̐i, Ismai̐yl,1487-1524,Khatai, Ismail,1487-1524,Chatai, Ismail,1487-1524,Chätai, Ismajyl,1487-1524,Chätaji, Šah Ismajyl,1487-1524,Hatai, İsmail,1487-1524,Ismāʿīl,I.,Irān, Šāh,1487-1524,Ismail,I.,Persien, Schah,1487-1524,Ismāʿīl,I.,Shah of Iran,1487-1524,Esmael,I,Shah of Iran,1487-1524,Ismāʿīl Ḫaṭāʾī,1487-1524,Ismāʿīl Ḫaṭāyī,1487-1524,Ismail Chatai,1487-1524,Ismail Chatai,Šach,1487-1524,Ismajyl Chätai,Šah,1487-1524,İsmail Hatai,1487-1524,Ismail Khatai,1487-1524,Ismai̐yl Khatai,1487-1524,Ismai̐yl Khătai̐i,1487-1524,Ismāʿīl Ṣafawī,1487-1524,Ismāʿīl Ṣafavī,1487-1524,İsmail Safavi,1487-1524,İsmail Säfävi,1487-1524,Ismāʿīl Ṣafavī,1487-1524,İsmayıl Säfävi,Şah,1487-1524,Ismāʿīl Ṣafawī, Šāh,1487-1524,Ismāʿīl H̱atāʾī, Šāh,1487-1524,Ismāʿīl H̱atāyī, Šāh,1487-1524,Ismail Chatai, Šach,1487-1524,Ismajyl Chätai, Šah,1487-1524,Shāhesmāʿil,1487-1524,Šāhismāʿīl,1487-1524,Šāh Ismāʿīl,1487-1524,Şah İsmail,1487-1524,Šāh Ismāʿīl Ṣafawī,1487-1524,Shah Abu'l-Moẓaffar b. Shaikh Ḥaydar b. Shaikh Jonayd,1487-1524,Šāh Abu-'l-Muẓaffar Ibn-Šaiḫ Ḥaidar Ibn-Šaiḫ Ǧunaid,1487-1524,Šāh Ismāʿīl Ṣafawī,1487-1524,Sophus,Persia, Rex,1487-1524,Ṣafavī, Ismāʿīl,1487-1524,Ṣafawī, Ismāʿīl,1487-1524,Ismāʿīl,I.,Iran, Schah,1487-1524,Ismael,Scachus,1487-1524,Xətai, Şah İsmayıl,1487-1524,Şah İsmayıl Xätai,1487-1524 , Gedicht,Gedichtsammlung,Versdichtung,Gedicht,Poem,Dichtung,Poesie,Lyrisches Werk,Lyrikwerk,Gedichtwerk , Intentionales Verhalten |



